Universidad Católica y desafío latinoamericano
Furkejuvvon:
| Váldodahkki: | |
|---|---|
| Eará dahkkit: | |
| Materiálatiipa: | Girji |
| Giella: | espánnjágiella |
| Almmustuhtton: |
Bogotá
Pontificia Universidad Javeriana
1973
|
| Fáttát: | |
| Fáddágilkorat: |
Lasit fáddágilkoriid
Eai fáddágilkorat, Lasit vuosttaš fáddágilkora!
|
MARC
| LEADER | 00000nam a2200000 a 4500 | ||
|---|---|---|---|
| 001 | UCX8378 | ||
| 003 | CL-VaPUC | ||
| 008 | 940325e19730000CK |||||||||||||||||spa|d | ||
| 082 | 0 | 4 | |a 378.002 |b BOR |2 21 |
| 100 | 0 | |a Borrero, Alfonso |e author |9 325492 | |
| 700 | |a Neira Fernández, Enrique |e autor |9 325493 | ||
| 245 | 1 | 0 | |a Universidad Católica y desafío latinoamericano |
| 300 | |a 115 h | ||
| 942 | |c BK | ||
| 945 | |d 19940325 00:00:00 |a rbrito | ||
| 260 | |a Bogotá |b Pontificia Universidad Javeriana |c 1973 | ||
| 650 | 0 | |a Educación superior |9 223851 | |
| 651 | 0 | |a América Latina |9 255027 | |
| 583 | |a last modification |c 19940325 00:00:00 |k Rodrigo Vera | ||
| 999 | |c 227902 |d 227900 | ||
| 952 | |0 0 |1 0 |4 0 |6 378_002000000000000_BOR_1973 |7 0 |8 P |9 227192 |a BIBEDU |b BIBEDU |c BIBEDU_PB |d 2019-11-15 |i 2964317 |o 378.002 BOR 1973 |p 2964317 |r 2024-01-25 |w 2019-11-15 |y BK |k EDU | ||
| 952 | |0 0 |1 0 |4 0 |6 378_002000000000000_BOR_1973 |7 0 |8 P |9 227193 |a BIBEDU |b BIBEDU |c BIBEDU_PB |d 2019-11-15 |i 1606700 |o 378.002 BOR 1973 |p 1606700 |r 2024-01-25 |w 2019-11-15 |y BK |k EDU | ||